[Event "Lichtenberger Sommer 2016"]
[Site "?"]
[Date "2016.08.16"]
[Round "4.78"]
[White "Krüger, Ekkehard"]
[Black "Wahner, Eberhard"]
[Result "1/2-1/2"]
[WhiteElo "1818"]
[BlackElo "1511"]
[PlyCount "106"]
[EventDate "2016.??.??"]
[WhiteTeam "Narva Berlin"]
[BlackTeam "SC Eintracht Berlin"]

1. e4 e6 2. d4 d5 3. Nc3 Bb4 4. e5 Ne7 5. a3 Bxc3+ 6. bxc3 c5 7. f4 Nbc6 8. Nf3
O-O 9. Be2 Bd7 10. Rb1 b6 11. O-O f6 12. exf6 Rxf6 13. c4 Rc8 14. dxc5 bxc5 15.
g3 d4 16. Bd2 Ng6 17. Bd3 Qc7 18. Ng5 h6 19. Ne4 Rff8 20. Nxc5 Nce7 21. Nxd7
Qxd7 22. Bb4 Rfe8 23. Qh5 Nf8 24. g4 Nc6 25. Rbe1 Nxb4 26. axb4 Qe7 27. b5 Rc5
28. Qh3 Qd8 29. Qf3 Qh4 30. Ra1 Rc7 31. c5 Nd7 32. c6 Nb6 33. h3 Rf8 34. Rae1
Re7 35. Kh2 e5 36. f5 Qg5 37. Qe4 Qd2+ 38. Kg3 Qg5 39. Rc1 Qf6 40. c3 Rfe8 41.
c4 Rd8 42. Ra1 Kh8 43. h4 Rc7 44. Ra6 Re7 45. Rfa1 Nc8 46. c5 Rc7 47. Bc4 Qe7
48. b6 axb6 49. cxb6 Nxb6 50. Rxb6 Qc5 51. Rab1 Qxc4 52. Rb8 Rdc8 53. Qxe5 Qc3+
1/2-1/2

[Event "Lichtenberger Sommer 2016"]
[Site "?"]
[Date "2016.08.16"]
[Round "4.79"]
[White "Lieder, Günter"]
[Black "Wilke, Hans-Peter"]
[Result "1-0"]
[WhiteElo "1866"]
[BlackElo "1613"]
[PlyCount "113"]
[EventDate "2016.??.??"]
[WhiteTeam "SK Turm Bad Hersfeld"]
[BlackTeam "Läufer Reinickendorf"]

1. e4 c5 2. Nc3 d6 3. f4 Nc6 4. Nf3 Nf6 5. Bb5 Bd7 6. O-O a6 7. Bxc6 Bxc6 8. d3
e6 9. Bd2 Be7 10. Ne2 b5 11. Ng3 O-O 12. a3 a5 13. h3 Qc7 14. f5 Rfc8 15. fxe6
fxe6 16. Qe1 e5 17. Nf5 Bf8 18. Bg5 Ne8 19. Qh4 g6 20. Nh6+ Bxh6 21. Bxh6 Ng7
22. Bd2 Ne6 23. Bg5 Nxg5 24. Qxg5 Rf8 25. Nh2 Qg7 26. Ng4 Kh8 27. Rxf8+ Rxf8
28. Rf1 Rxf1+ 29. Kxf1 Qf8+ 30. Qf6+ Qxf6+ 31. Nxf6 Kg7 32. Ng4 h5 33. Ne3 Kf6
34. Kf2 b4 35. Nc4 bxa3 36. bxa3 Ke7 37. Nxa5 Ba4 38. c3 Ke6 39. h4 Bc2 40. Ke3
d5 41. exd5+ Kxd5 42. Kd2 Ba4 43. Ke3 Bd1 44. Nc4 Bg4 45. Nd2 Bf5 46. a4 Bc8
47. a5 Ke6 48. Ne4 Kd5 49. Nd2 Ba6 50. c4+ Kd6 51. g3 Bb7 52. Ne4+ Kc6 53. Kf3
Kd7 54. g4 Kc7 55. gxh5 gxh5 56. Ke3 Bxe4 57. Kxe4 1-0

[Event "Lichtenberger Sommer 2016"]
[Site "?"]
[Date "2016.08.16"]
[Round "4.80"]
[White "David, Daniel"]
[Black "Grassi, Fabrizio"]
[Result "0-1"]
[WhiteElo "1445"]
[BlackElo "1839"]
[PlyCount "64"]
[EventDate "2016.??.??"]
[WhiteTeam "SC Erkrath"]
[BlackTeam "SV Berlin-Friedrichstadt"]

1. e4 d5 2. exd5 Nf6 3. c4 e6 4. dxe6 Bxe6 5. Nf3 Nc6 6. Be2 Bc5 7. O-O O-O 8.
d3 h6 9. h3 Bf5 10. a3 Nd4 11. Nxd4 Bxd4 12. Ra2 Re8 13. b4 Qd7 14. Bb2 Rxe2
15. Qxe2 Bxd3 16. Qd1 Bxf1 17. Kxf1 Rd8 18. Bxd4 Qxd4 19. Qxd4 Rxd4 20. c5 Rd1+
21. Ke2 Rxb1 22. Rd2 Rb3 23. Rd3 Rxd3 24. Kxd3 c6 25. Kc4 a6 26. a4 Kf8 27. b5
axb5+ 28. axb5 Ke7 29. bxc6 bxc6 30. Kd4 Ke6 31. g4 g5 32. f3 Nd5 0-1

[Event "Lichtenberger Sommer 2016"]
[Site "?"]
[Date "2016.08.16"]
[Round "4.81"]
[White "Chung, Nicholas"]
[Black "Wolff, Marie Antoinette"]
[Result "0-1"]
[WhiteElo "1402"]
[BlackElo "1770"]
[PlyCount "102"]
[EventDate "2016.??.??"]
[WhiteTeam "TuS Makkabi Berlin"]
[BlackTeam "Leegebrucher SF"]

1. e4 c5 2. Nf3 Nc6 3. d4 cxd4 4. Nxd4 d6 5. Nc3 Nf6 6. Bc4 g6 7. Be3 Bg7 8. f3
Bd7 9. O-O O-O 10. Qe2 Nxe4 11. Nxc6 Nxc3 12. Nxd8 Nxe2+ 13. Bxe2 Rfxd8 14. c3
a6 15. Bd3 Rac8 16. Bb6 Re8 17. Rfe1 Be6 18. Rad1 Bxa2 19. Be4 Bb3 20. Rd2 Ba4
21. Rde2 Bc6 22. Bd3 e6 23. Bc2 Bb5 24. Rd2 Rc6 25. Ba5 Rec8 26. Bb4 d5 27. Bb3
Bf8 28. Bxf8 Kxf8 29. Rc1 a5 30. Ra1 b6 31. Rd4 f6 32. Kf2 Bc4 33. Bxc4 Rxc4
34. Rxc4 Rxc4 35. Ra3 e5 36. Rb3 Rc6 37. Rb5 Rd6 38. Ke3 Ke7 39. Kd3 Kd7 40.
Ke3 Kc6 41. Rb3 f5 42. f4 e4 43. g3 h6 44. h4 Kc5 45. Ra3 d4+ 46. cxd4+ Rxd4
47. Rc3+ Rc4 48. Rb3 b5 49. Ra3 a4 50. Ra1 Rc2 51. Rb1 Kc4 0-1

[Event "Lichtenberger Sommer 2016"]
[Site "?"]
[Date "2016.08.16"]
[Round "4.82"]
[White "Kohlmeyer, Dagobert"]
[Black "Bastian, Reinhard"]
[Result "1/2-1/2"]
[WhiteElo "1877"]
[BlackElo "1441"]
[PlyCount "120"]
[EventDate "2016.??.??"]
[WhiteTeam "SC Rochade (Berlin)"]
[BlackTeam "vereinslos"]

1. e4 e6 2. d4 d5 3. Nc3 Bb4 4. e5 Qd7 5. Qg4 f5 6. exf6 Nxf6 7. Qd1 b6 8. Nf3
O-O 9. a3 Bd6 10. Bd3 Ba6 11. O-O Bxd3 12. Qxd3 c5 13. dxc5 bxc5 14. Bg5 Nc6
15. Rad1 Ng4 16. h3 Rxf3 17. Qxf3 Nh2 18. Qd3 Ne5 19. Qe2 Nxf1 20. Rxf1 Nf7 21.
Bc1 Qc6 22. Re1 e5 23. Qd3 d4 24. Qe4 Rc8 25. Qxc6 Rxc6 26. Ne4 c4 27. Nxd6
Rxd6 28. f4 Rd5 29. Kf2 Kf8 30. Kf3 Ke7 31. g4 Kf6 32. Ke4 Ke6 33. f5+ Kd6 34.
g5 Nd8 35. h4 Nb7 36. g6 Nc5+ 37. Kf3 hxg6 38. fxg6 e4+ 39. Kg4 e3 40. h5 Ne4
41. Kf4 Nf6 42. h6 gxh6 43. Rg1 Ke6 44. Kf3 Rf5+ 45. Ke2 Rf2+ 46. Kd1 Ke5 47.
c3 Ke4 48. cxd4 Kxd4 49. g7 Ng8 50. Re1 Rf3 51. Kc2 Rg3 52. Re2 Nf6 53. Rh2
Rxg7 54. Rxh6 Rg2+ 55. Kb1 Ne4 56. Bxe3+ Kxe3 57. Rh7 Kd3 58. Rd7+ Ke3 59. Rxa7
Nd2+ 60. Kc2 Ne4+ 1/2-1/2

[Event "Lichtenberger Sommer 2016"]
[Site "?"]
[Date "2016.08.16"]
[Round "4.83"]
[White "Casny, Guenter"]
[Black "Ho, Ngoc Hai-Dang"]
[Result "1-0"]
[WhiteElo "1862"]
[BlackElo "1242"]
[PlyCount "65"]
[EventDate "2016.??.??"]
[WhiteTeam "SC Rochade (Berlin)"]
[BlackTeam "SF Friedrichshagen"]

1. d4 d5 2. e3 Nf6 3. Bd3 Nbd7 4. Nf3 b6 5. Nbd2 Bb7 6. O-O e6 7. Re1 c5 8. c4
Bd6 9. b3 O-O 10. e4 dxe4 11. Nxe4 Nxe4 12. Bxe4 Bxe4 13. Rxe4 Nf6 14. Rh4 Re8
15. Bb2 cxd4 16. Rxd4 Bxh2+ 17. Nxh2 Qe7 18. Rf4 e5 19. Rf5 e4 20. Bxf6 gxf6
21. Ng4 Kh8 22. Qd4 Rad8 23. Qxf6+ Qxf6 24. Nxf6 Re6 25. Nd5 Rdd6 26. Rxf7 Rh6
27. Rxa7 Rh4 28. f4 exf3 29. Rf1 Rd8 30. Rxf3 Rg8 31. Nf6 Rg6 32. Ra8+ Kg7 33.
Rg8+ 1-0

[Event "Lichtenberger Sommer 2016"]
[Site "?"]
[Date "2016.08.16"]
[Round "4.84"]
[White "Radjenovisc, Branko"]
[Black "Wolfram, Mike"]
[Result "1-0"]
[WhiteElo "1802"]
[BlackElo "1556"]
[PlyCount "129"]
[EventDate "2016.??.??"]
[WhiteTeam "SK Dragojle Babic (Berlin)"]
[BlackTeam "Lok Pritzwalk"]

1. d4 d5 2. Nf3 Nf6 3. e3 e6 4. Bd3 c5 5. c3 cxd4 6. cxd4 Nc6 7. Nc3 Bd6 8. O-O
O-O 9. a3 a6 10. Bd2 Qc7 11. h3 h6 12. Rc1 Bd7 13. Qe2 Rac8 14. b4 b5 15. Bb1
Rfe8 16. Qd3 g6 17. Ne1 e5 18. dxe5 Nxe5 19. Qd4 Qc4 20. Ba2 Qxd4 21. exd4 Nc4
22. Bxc4 Rxc4 23. Nf3 Bf5 24. Bxh6 Be4 25. Bg5 Kg7 26. Rfe1 Re6 27. Be3 Nh5 28.
Nd2 Rc7 29. f3 Bd3 30. Nb3 Bc4 31. Nc5 Rxe3 32. Rxe3 Bf4 33. Rce1 Bxe3+ 34.
Rxe3 Ng3 35. Re5 Nf5 36. Nxd5 f6 37. Ne6+ Kh6 38. Nxf6 Bxe6 39. Rxe6 Rc1+ 40.
Kh2 Nxd4 41. Rxa6 Rc3 42. h4 Nc2 43. h5 Rxa3 44. Rxa3 Nxa3 45. hxg6 Kxg6 46.
Ne4 Nc2 47. Nc3 Nxb4 48. Nxb5 Nc6 49. g4 Ne5 50. Kg3 Nd3 51. f4 Nc1 52. Nd4 Nd3
53. Nf3 Nc5 54. Nh4+ Kg7 55. Kf3 Kf6 56. g5+ Kg7 57. f5 Nd3 58. f6+ Kf7 59. Ke4
Nf2+ 60. Kf5 Nd3 61. g6+ Kf8 62. Nf3 Nf2 63. g7+ Kf7 64. Ng5+ Kg8 65. Kg6 1-0

[Event "Lichtenberger Sommer 2016"]
[Site "?"]
[Date "2016.08.16"]
[Round "4.85"]
[White "Kretzschmar, Jan"]
[Black "Kramer, Ralf"]
[Result "1-0"]
[WhiteElo "1808"]
[BlackElo "1559"]
[PlyCount "59"]
[EventDate "2016.??.??"]
[WhiteTeam "SC Kreuzberg"]
[BlackTeam "SK Zehlendorf"]

1. d4 Nf6 2. Nf3 d5 3. g3 Bf5 4. Bg2 e6 5. O-O c5 6. c4 Nc6 7. cxd5 exd5 8. Bg5
Be7 9. Nc3 cxd4 10. Nxd4 Nxd4 11. Qxd4 Be6 12. Rfd1 h6 13. Bf4 O-O 14. Rac1 Rc8
15. Nxd5 Nxd5 16. Rxc8 Qxc8 17. Bxd5 Bxd5 18. Qxd5 Rd8 19. Qb3 Re8 20. Rc1 Qd7
21. Rc7 Qf5 22. Rxb7 Qb1+ 23. Kg2 g5 24. Qa4 Kf8 25. Be3 Qf5 26. Qc6 f6 27.
Bxa7 Rc8 28. Rb8 Rxb8 29. Bxb8 Bc5 30. Bd6+ 1-0

[Event "Lichtenberger Sommer 2016"]
[Site "?"]
[Date "2016.08.16"]
[Round "4.86"]
[White "Rehmsmeier, Marc"]
[Black "Klühs, Isabel"]
[Result "1-0"]
[WhiteElo "1686"]
[BlackElo "1095"]
[PlyCount "103"]
[EventDate "2016.??.??"]
[WhiteTeam "vereinslos"]
[BlackTeam "Borussia Friedrichsfelde"]

1. e4 c5 2. Nf3 Nc6 3. c3 Nf6 4. e5 Nd5 5. g3 e6 6. Bg2 Be7 7. O-O O-O 8. Re1
f6 9. d4 cxd4 10. cxd4 fxe5 11. dxe5 b6 12. Nbd2 Bb7 13. h4 Qe8 14. Nf1 Qf7 15.
Re4 Qf5 16. Qe2 Rac8 17. g4 Qf7 18. Bd2 Ncb4 19. Rxb4 Nxb4 20. Ng5 Bxg5 21.
Bxb4 Bxg2 22. Bxf8 Bxf1 23. Rxf1 Rxf8 24. hxg5 Qf4 25. Rd1 Qxg5 26. Rxd7 Qc1+
27. Rd1 Qc7 28. Rd6 Qc1+ 29. Kg2 Qh6 30. Qd2 Qxd2 31. Rxd2 h6 32. Rd6 Re8 33.
Rd7 a6 34. Rd6 b5 35. Rxa6 Kf7 36. Rb6 Kg6 37. Kg3 h5 38. gxh5+ Kxh5 39. Rxb5
Kg5 40. a4 Kf5 41. f3 g5 42. b4 Rh8 43. a5 Rh4 44. a6 Rd4 45. a7 Rd8 46. Rb8
Rd5 47. a8=Q Kxe5 48. Qc6 g4 49. Qc3+ Kf5 50. Rf8+ Kg5 51. Qg7+ Kh5 52. Rh8#
1-0

[Event "Lichtenberger Sommer 2016"]
[Site "?"]
[Date "2016.08.16"]
[Round "4.87"]
[White "Lange, Malina"]
[Black "Günther, Boris"]
[Result "1-0"]
[WhiteElo "795"]
[BlackElo "1693"]
[PlyCount "43"]
[EventDate "2016.??.??"]
[WhiteTeam "TuS Makkabi Berlin"]
[BlackTeam "SF Friedrichshagen"]

1. e4 e5 2. Nf3 Nc6 3. Bc4 Nf6 4. d3 Bc5 5. O-O d6 6. c3 Be6 7. Bb3 Bb6 8. Re1
Ng4 9. d4 Bxb3 10. axb3 exd4 11. cxd4 Qd7 12. h3 Nf6 13. Bg5 O-O-O 14. Bxf6
gxf6 15. Nc3 Rhg8 16. Kh1 f5 17. Nd5 Ba5 18. Nf6 Qe6 19. Nxg8 Bxe1 20. d5 Qg6
21. dxc6 Bxf2 22. Ne7+ 1-0

[Event "Lichtenberger Sommer 2016"]
[Site "?"]
[Date "2016.08.16"]
[Round "4.88"]
[White "Schneider, Eckehard"]
[Black "Caglar, Bertan"]
[Result "1-0"]
[WhiteElo "1800"]
[BlackElo "1152"]
[PlyCount "123"]
[EventDate "2016.??.??"]
[WhiteTeam "SF 1903 Berlin"]
[BlackTeam "SW Lichtenrade"]

1. e4 d6 2. d4 Nd7 3. Nc3 Ngf6 4. Nf3 g6 5. Bc4 Bg7 6. e5 Nh5 7. g4 dxe5 8.
gxh5 exd4 9. Nxd4 Ne5 10. Bd5 Bg4 11. f3 Bxh5 12. Be3 O-O 13. O-O c6 14. Be4
Nc4 15. Bf2 Nxb2 16. Qd2 Nc4 17. Qe2 Bxd4 18. Qxc4 Bg7 19. Rad1 Qc8 20. Bd4 e5
21. Be3 Rd8 22. Ne2 Rxd1 23. Rxd1 b5 24. Qxc6 Qxc6 25. Bxc6 Rc8 26. Be4 f5 27.
Bd5+ Kh8 28. Rd2 Rd8 29. Bg5 Rd7 30. Kf2 Bf8 31. Ng3 Be7 32. Bxe7 Rxe7 33. Nxh5
gxh5 34. Bc6 b4 35. Rd5 Kg7 36. Rd7 Kf6 37. Rxe7 Kxe7 38. Kg3 Kf6 39. Kh4 Kg6
40. Be8+ Kh6 41. Bxh5 a6 42. Be8 e4 43. fxe4 fxe4 44. Kg4 e3 45. Kf3 Kg5 46.
Kxe3 Kh4 47. Bd7 Kg5 48. Kd4 Kf4 49. Kc4 a5 50. Kb5 Ke3 51. Kxa5 Kd2 52. Kxb4
Kxc2 53. a4 Kd2 54. a5 Ke2 55. a6 Kf2 56. a7 Kg2 57. h3 h5 58. a8=Q+ Kh2 59.
Qg8 h4 60. Qg4 Kh1 61. Bc6+ Kh2 62. Qg2# 1-0

[Event "Lichtenberger Sommer 2016"]
[Site "?"]
[Date "2016.08.16"]
[Round "4.89"]
[White "Krusemark, Gerhard"]
[Black "Klühs, Gustaf"]
[Result "1-0"]
[WhiteElo "1795"]
[BlackElo "1407"]
[PlyCount "87"]
[EventDate "2016.??.??"]
[WhiteTeam "TSG Fredersdorf/Vogelsdorf"]
[BlackTeam "Borussia Friedrichsfelde"]

1. Nf3 Nf6 2. c4 d6 3. d4 g6 4. Nc3 Bg7 5. e4 O-O 6. h3 e5 7. Be2 Nc6 8. d5 Ne7
9. Be3 Nd7 10. b4 b6 11. O-O f5 12. Ng5 Nf6 13. f4 h6 14. fxe5 dxe5 15. Nf3
Nxe4 16. Nxe4 fxe4 17. Nd2 Nf5 18. Qb3 Ng3 19. Rxf8+ Bxf8 20. Bf1 Nxf1 21. Rxf1
h5 22. Nxe4 Bf5 23. Ng5 Be7 24. h4 Bxg5 25. Bxg5 Qd6 26. a3 a5 27. Be3 axb4 28.
axb4 Rd8 29. Bg5 Rc8 30. Rd1 Kh7 31. Bd2 Rb8 32. Qe3 b5 33. Bc3 e4 34. c5 Qe7
35. Qf4 Rd8 36. Be5 Qf7 37. Bxc7 Rxd5 38. Ra1 Rd7 39. Be5 Ra7 40. Rc1 Qe6 41.
c6 Ra8 42. c7 Qb6+ 43. Kh2 Re8 44. c8=Q 1-0

[Event "Lichtenberger Sommer 2016"]
[Site "?"]
[Date "2016.08.16"]
[Round "4.90"]
[White "Weber, Gerald"]
[Black "Stark, Steven"]
[Result "1-0"]
[WhiteElo "1609"]
[BlackElo "1475"]
[PlyCount "67"]
[EventDate "2016.??.??"]
[WhiteTeam "SSV Rotation Berlin"]
[BlackTeam "BSC Rehberge"]

1. c4 e6 2. g3 Be7 3. Bg2 Nf6 4. b3 O-O 5. Bb2 Ne8 6. e3 Bf6 7. Nc3 d6 8. Nge2
c6 9. d4 Nd7 10. Qc2 g6 11. Rd1 Qa5 12. O-O Qh5 13. Nf4 Qh6 14. Bc1 e5 15. dxe5
Nxe5 16. Ne4 Ng4 17. h3 Ne5 18. Nxd6 g5 19. Nxc8 Rxc8 20. Ne2 Qh5 21. g4 Qh4
22. Qf5 Rc7 23. Ng3 Qh6 24. Ba3 c5 25. Nh5 Bh8 26. Rd5 Nd6 27. Qc2 b6 28. f4
gxf4 29. exf4 Re8 30. fxe5 Bxe5 31. Bc1 Qe6 32. Kh1 f6 33. Rxe5 fxe5 34. Bd5
1-0

[Event "Lichtenberger Sommer 2016"]
[Site "?"]
[Date "2016.08.16"]
[Round "4.91"]
[White "Fischer, Josef"]
[Black "Völler, Lothar"]
[Result "0-1"]
[WhiteElo "1386"]
[BlackElo "1778"]
[PlyCount "64"]
[EventDate "2016.??.??"]
[WhiteTeam "SK Kriegshaber"]
[BlackTeam "FS Dortmund"]

1. e4 c5 2. Nf3 g6 3. d4 cxd4 4. Qxd4 Nf6 5. Bb5 a6 6. Ba4 b5 7. Bb3 Nc6 8. Ng5
e6 9. Qd3 Bg7 10. Bd2 O-O 11. a3 Bb7 12. Bc3 d5 13. e5 Nh5 14. Nf3 Nf4 15. Qf1
d4 16. Bb4 Nxb4 17. axb4 d3 18. Nbd2 Rc8 19. c3 Qc7 20. O-O-O Rfd8 21. Re1 Ne2+
22. Rxe2 dxe2 23. Qxe2 a5 24. Qxb5 axb4 25. Qxb4 Bxf3 26. Nxf3 Bxe5 27. h4 Rb8
28. Qe4 Bxc3 29. bxc3 Qxc3+ 30. Qc2 Rxb3 31. Qxc3 Rxc3+ 32. Kb2 Rxf3 0-1

[Event "Lichtenberger Sommer 2016"]
[Site "?"]
[Date "2016.08.16"]
[Round "4.92"]
[White "Milare, Tyron"]
[Black "Lippianowski, Stefan"]
[Result "1-0"]
[WhiteElo "1788"]
[BlackElo "1150"]
[PlyCount "67"]
[EventDate "2016.??.??"]
[WhiteTeam "Potsdamer SV"]
[BlackTeam "SV Mattnetz Berlin"]

1. Nf3 d5 2. d4 Nc6 3. c4 e6 4. Bg5 f6 5. Bf4 Bb4+ 6. Nc3 Nge7 7. e3 Bd7 8. Rc1
Na5 9. c5 O-O 10. Bd3 Nc4 11. Qb3 a5 12. Bxc4 dxc4 13. Qxc4 b5 14. Qd3 Bc6 15.
Qe2 a4 16. O-O a3 17. bxa3 Rxa3 18. Nxb5 Ra5 19. Nxc7 Qxc7 20. Bxc7 Bb5 21. Qb2
Ba3 22. Qb3 Bxf1 23. Qxe6+ Rf7 24. Rb1 Rb5 25. Rxf1 Rb7 26. Bd6 g6 27. Nd2 Kg7
28. Ne4 Nf5 29. g4 Nh4 30. f4 Rb2 31. Nxf6 Rg2+ 32. Kh1 Rxa2 33. Be5 Kf8 34.
Qe8+ 1-0

[Event "Lichtenberger Sommer 2016"]
[Site "?"]
[Date "2016.08.16"]
[Round "4.93"]
[White "Toth, Hans-Jürgen"]
[Black "Richter, Robert"]
[Result "0-1"]
[WhiteElo "1623"]
[BlackElo "1542"]
[PlyCount "42"]
[EventDate "2016.??.??"]
[WhiteTeam "SF Zehdenick"]
[BlackTeam "SV Rüdersdorf"]

1. f4 e5 2. fxe5 d6 3. exd6 Bxd6 4. Nf3 g5 5. g3 g4 6. Nh4 Ne7 7. d4 Ng6 8. Ng2
Nc6 9. c3 Qe7 10. Qd3 f5 11. Qe3 Be6 12. Qd3 O-O-O 13. Ne3 Rhf8 14. Bg2 Qf7 15.
O-O f4 16. Bxc6 bxc6 17. Ng2 Bc4 18. Qd1 f3 19. Nf4 Nxf4 20. Bxf4 fxe2 21. Qd2
exf1=Q# 0-1

[Event "Lichtenberger Sommer 2016"]
[Site "?"]
[Date "2016.08.16"]
[Round "4.94"]
[White "Fiedler, Ronald"]
[Black "Gräbnitz, Marc-Florian"]
[Result "1/2-1/2"]
[WhiteElo "1700"]
[BlackElo "1320"]
[PlyCount "35"]
[EventDate "2016.??.??"]
[WhiteTeam "Läufer Reinickendorf"]
[BlackTeam "SC Eintracht Berlin"]

1. d4 d5 2. c4 Nf6 3. Nc3 e6 4. Nf3 c5 5. Bg5 dxc4 6. Qa4+ Nbd7 7. e4 cxd4 8.
Nxd4 Be7 9. Bxc4 O-O 10. Qc2 a6 11. O-O b5 12. Bd3 h6 13. Nc6 Qe8 14. Nxe7+
Qxe7 15. Bf4 Bb7 16. Qe2 Nc5 17. Rad1 Nxd3 18. Rxd3 1/2-1/2

[Event "Lichtenberger Sommer 2016"]
[Site "?"]
[Date "2016.08.16"]
[Round "4.95"]
[White "Schacht, Thomas"]
[Black "Petersen, Sophie"]
[Result "1-0"]
[WhiteElo "1678"]
[BlackElo "1014"]
[PlyCount "73"]
[EventDate "2016.??.??"]
[WhiteTeam "BSV 63 Chemie Weißensee"]
[BlackTeam "SV Rüdersdorf"]

1. d4 d5 2. c4 e6 3. Nc3 Nf6 4. Nf3 c5 5. e3 Nc6 6. Bd3 Be7 7. O-O b6 8. a3 O-O
9. Qc2 h6 10. Rd1 Bb7 11. dxc5 Bxc5 12. b4 Be7 13. cxd5 Nxd5 14. Bb2 Qc7 15.
Nxd5 exd5 16. b5 Bc5 17. bxc6 Bxc6 18. Qc3 f6 19. Rac1 Rac8 20. Nd4 Bb7 21. Ne6
Qc6 22. Nxf8 Kxf8 23. Qb3 Qd6 24. Be4 Qc7 25. Bxd5 Bxd5 26. Rxd5 Qf7 27. Rcd1
Be7 28. Qa4 Re8 29. Qxa7 Kg8 30. Qxb6 Rf8 31. a4 Kh7 32. Rd7 Re8 33. a5 Rf8 34.
a6 Re8 35. Qb7 Qe6 36. a7 Kg6 37. Rc1 1-0

[Event "Lichtenberger Sommer 2016"]
[Site "?"]
[Date "2016.08.16"]
[Round "4.96"]
[White "Caglar, Ertan"]
[Black "Andersohn, Marco"]
[Result "1-0"]
[WhiteElo "1626"]
[BlackElo "1300"]
[PlyCount "103"]
[EventDate "2016.??.??"]
[WhiteTeam "SW Lichtenrade"]
[BlackTeam "SC Weisse Dame (Berlin)"]

1. e4 e5 2. f4 exf4 3. Nf3 Bc5 4. d4 Bb6 5. Bxf4 d6 6. Nc3 Qf6 7. Bg5 Qg6 8.
Qd2 h6 9. Be3 Ba5 10. Bd3 Bxc3 11. bxc3 Ne7 12. Nh4 Qf6 13. Qf2 Qxf2+ 14. Kxf2
O-O 15. Rhf1 f5 16. Kg1 fxe4 17. Rxf8+ Kxf8 18. Rf1+ Kg8 19. Bxe4 d5 20. Ng6
Nxg6 21. Bxg6 Be6 22. Bf4 c6 23. Bd6 Nd7 24. Re1 Bf7 25. Bxf7+ Kxf7 26. Re7+
Kf6 27. Rxd7 Ke6 28. Rxg7 Kxd6 29. Rxb7 Re8 30. Kf2 Rf8+ 31. Ke2 Re8+ 32. Kd3
Rf8 33. Rxa7 Rf2 34. Rg7 h5 35. a4 h4 36. h3 Rf8 37. c4 Ra8 38. c5+ Ke6 39.
Rg6+ Kd7 40. c4 dxc4+ 41. Kxc4 Rxa4+ 42. Kd3 Ra2 43. Rg7+ Ke6 44. Rc7 Rxg2 45.
Rxc6+ Ke7 46. Ke4 Rg3 47. d5 Rxh3 48. Re6+ Kd8 49. Rh6 Rh1 50. c6 h3 51. d6 h2
52. Rh8# 1-0

[Event "Lichtenberger Sommer 2016"]
[Site "?"]
[Date "2016.08.16"]
[Round "4.97"]
[White "Mueller, Jörg René"]
[Black "Raasch, Hauke"]
[Result "1/2-1/2"]
[WhiteElo "1557"]
[BlackElo "1269"]
[PlyCount "101"]
[EventDate "2016.??.??"]
[WhiteTeam "SC Zugzwang 95 (Berlin)"]
[BlackTeam "SC Eintracht Berlin"]

1. f4 d5 2. d4 e6 3. Nf3 f5 4. e3 Nf6 5. Ne5 Bd6 6. c4 c6 7. c5 Bc7 8. Bd3 O-O
9. O-O Ne4 10. Bxe4 fxe4 11. Nc3 Nd7 12. Nxd7 Bxd7 13. Ne2 Rf6 14. Ng3 Rh6 15.
h3 Qh4 16. Qg4 Qxg4 17. hxg4 Rf6 18. g5 Rff8 19. Kf2 Bd8 20. Ke2 Be7 21. Bd2 b6
22. Rh1 Bc8 23. Rag1 Ba6+ 24. Kd1 Rab8 25. Kc1 g6 26. b3 Bd3 27. Rh2 Kg7 28.
Nh1 a5 29. Nf2 Ba6 30. g3 b5 31. Rgh1 Rh8 32. Ng4 Bd8 33. Ne5 Rc8 34. Kb2 a4
35. b4 Rc7 36. Be1 Bc8 37. Rh6 Rg8 38. Rxh7+ Kf8 39. Rxc7 Bxc7 40. Nxc6 Bd7 41.
Ne5 Bxe5 42. fxe5 Bc6 43. a3 Rg7 44. Kc2 Rg8 45. Kd2 Rg7 46. Ke2 Rg8 47. Kf2
Rg7 48. Kg2 Rg8 49. Rh2 Rg7 50. Rh1 Rg8 51. Rf1+ 1/2-1/2

[Event "Lichtenberger Sommer 2016"]
[Site "?"]
[Date "2016.08.16"]
[Round "4.98"]
[White "Gutewort, Paul Emil"]
[Black "Gläsmann, Christian"]
[Result "0-1"]
[WhiteElo "1578"]
[BlackElo "1518"]
[PlyCount "76"]
[EventDate "2016.??.??"]
[WhiteTeam "SF Nordost Berlin"]
[BlackTeam "SC Erkrath"]

1. d4 d6 2. Nf3 g6 3. c3 Bg7 4. e4 Nf6 5. Nbd2 O-O 6. Bd3 c5 7. Nb3 Nbd7 8. Be3
c4 9. Bxc4 Nxe4 10. Nbd2 Nef6 11. Bd3 Ng4 12. Qc2 Nxe3 13. fxe3 e5 14. O-O-O
Nb6 15. dxe5 dxe5 16. Nc4 Qe7 17. Rdg1 e4 18. Nxb6 exd3 19. Nd5 Qe4 20. Qb3 Be6
21. c4 Bxd5 22. cxd5 Rac8+ 23. Kb1 Rc2 24. Nd4 Bxd4 25. exd4 Rfc8 26. d6 d2 27.
Qxf7+ Kxf7 28. Rf1+ Kg7 29. b3 Rc1+ 30. Kb2 Qxd4+ 31. Ka3 Qxd6+ 32. Ka4 R8c6
33. Rf7+ Kxf7 34. Rf1+ Kg7 35. Rf7+ Kxf7 36. b4 b5+ 37. Kxb5 Rb6+ 38. Ka4 Qxb4#
0-1

[Event "Lichtenberger Sommer 2016"]
[Site "?"]
[Date "2016.08.16"]
[Round "4.99"]
[White "Dittrich, Hans-Juergen"]
[Black "Baumgaertner, Andre"]
[Result "0-1"]
[WhiteElo "1345"]
[BlackElo "1724"]
[PlyCount "81"]
[EventDate "2016.??.??"]
[WhiteTeam "vereinslos"]
[BlackTeam "SC Friesen Lichtenberg"]

1. c4 e6 2. g3 Nf6 3. Nc3 c6 4. Bg2 Be7 5. Nf3 d5 6. cxd5 exd5 7. d4 O-O 8. O-O
h6 9. Re1 Re8 10. a3 Bf5 11. Nd2 Qd7 12. e4 dxe4 13. Ndxe4 Na6 14. Nxf6+ Bxf6
15. Rxe8+ Rxe8 16. Be3 Nc7 17. Qd2 Rd8 18. Ne2 Nd5 19. Nc3 Nxe3 20. fxe3 Qe8
21. Re1 Rd7 22. Qf2 Bg6 23. h4 Re7 24. Ne2 Bd3 25. Nf4 Bf5 26. Nh5 Bxd4 27.
Qxf5 Rxe3 28. Rxe3 Qxe3+ 29. Kh2 g6 30. Qc8+ Kh7 31. Nf4 Qe7 32. Qg4 Bxb2 33.
h5 Qg5 34. hxg6+ fxg6 35. Qd7+ Kg8 36. Qe8+ Kh7 37. Nxg6 Qh5+ 38. Kg1 Bd4+ 39.
Kf1 Qd1+ 40. Qe1 Qxe1+ 41. Kxe1 0-1

[Event "Lichtenberger Sommer 2016"]
[Site "?"]
[Date "2016.08.16"]
[Round "4.100"]
[White "Eichstädt, Torsten"]
[Black "Koerber, Bernhard"]
[Result "1-0"]
[WhiteElo "1346"]
[BlackElo "1567"]
[PlyCount "35"]
[EventDate "2016.??.??"]
[WhiteTeam "SC Friesen Lichtenberg"]
[BlackTeam "Lasker Steglitz-Wilmersdorf"]

1. d4 Nf6 2. c4 g6 3. Nc3 d5 4. Nf3 Bg7 5. e3 O-O 6. Be2 c5 7. O-O cxd4 8. exd4
Nc6 9. a3 Bf5 10. Be3 Rc8 11. Qd2 dxc4 12. Bh6 Bxh6 13. Qxh6 Nxd4 14. Ng5 Nxe2+
15. Nxe2 Bd3 16. Nf4 Bf5 17. Rfd1 Qc7 18. Nd5 1-0

[Event "Lichtenberger Sommer 2016"]
[Site "?"]
[Date "2016.08.16"]
[Round "4.101"]
[White "Goroll, Hans-Juergen"]
[Black "Geist, Wolfgang"]
[Result "1/2-1/2"]
[WhiteElo "1647"]
[BlackElo "1447"]
[PlyCount "90"]
[EventDate "2016.??.??"]
[WhiteTeam "Umweltbundesamt (FV Schach)"]
[BlackTeam "SC Weisse Dame (Berlin)"]

1. Nf3 Nf6 2. c4 c6 3. Nc3 e6 4. e4 d6 5. d4 Nfd7 6. Bg5 Be7 7. Bxe7 Qxe7 8.
Bd3 O-O 9. O-O h6 10. Qc2 Rd8 11. b4 a6 12. a3 Nf8 13. Rad1 Nbd7 14. e5 Rb8 15.
exd6 Qxd6 16. c5 Qe7 17. Ne4 Nf6 18. Nd6 Rxd6 19. cxd6 Qxd6 20. Ne5 Bd7 21. h3
Be8 22. Rfe1 Nd5 23. Qd2 f6 24. Nc4 Qe7 25. f4 b5 26. Nb2 Qd6 27. Rf1 Rb7 28.
Be2 Re7 29. Nd3 Nc7 30. Nc5 f5 31. Qe3 Nd7 32. Nb7 Qd5 33. Rd2 Nf6 34. Bf3 Qd7
35. Na5 Ncd5 36. Bxd5 exd5 37. Qb3 Re4 38. Qc3 Qd6 39. g3 Re6 40. Rd3 Ne4 41.
Qc1 Rg6 42. Kh2 h5 43. Qd1 Re6 44. Nb7 Qc7 45. Na5 g6 1/2-1/2

[Event "Lichtenberger Sommer 2016"]
[Site "?"]
[Date "2016.08.16"]
[Round "4.102"]
[White "Schmole-Rostosky, Joachim"]
[Black "Motsch, Sebastian"]
[Result "1-0"]
[WhiteElo "1580"]
[BlackElo "1036"]
[PlyCount "89"]
[EventDate "2016.??.??"]
[WhiteTeam "SF SW Merzhausen"]
[BlackTeam "Ludwigsfelder SC"]

1. d4 d5 2. Nf3 Nf6 3. b3 e6 4. a3 Nbd7 5. Bb2 c5 6. e3 b6 7. Nbd2 Be7 8. Bd3
O-O 9. O-O Bb7 10. Ne5 Ne4 11. Bb5 Nxe5 12. dxe5 f6 13. Nf3 Qc7 14. Qe2 a6 15.
Bd3 b5 16. c4 Rad8 17. Rac1 fxe5 18. Bxe5 Bd6 19. Bxd6 Qxd6 20. cxb5 axb5 21.
Bxb5 Nf6 22. a4 e5 23. Nd2 e4 24. Rfd1 Qe7 25. Nb1 d4 26. exd4 cxd4 27. Qc4+
Bd5 28. Qc2 Ba8 29. Bc4+ Kh8 30. Qe2 e3 31. f3 Nh5 32. Qf1 Nf4 33. Be2 Nxe2+
34. Qxe2 d3 35. Rxd3 Rxd3 36. Qxd3 Rd8 37. Qe2 Re8 38. Rc3 Bd5 39. Rd3 h6 40.
Rxd5 Kh7 41. Rd3 Qa7 42. Nc3 Qc5 43. Nd1 Qc1 44. Kf1 Qa1 45. Ke1 1-0